Stadtteile von Kassel - Statistiken

Allgemein
  • Dieses Quiz wurde 214 mal gespielt
  • Das Durchschnittsergebnis liegt bei 13 aus 23
Antwortstatistiken
Einwohnerzahl Stadtteil % Korrekt
12.219 Bad Wilhelmshöhe
84%
17.165 Nord-Holland
84%
16.209 Vorderer Westen
74%
8.595 Mitte
73%
11.979 Niederzwehren
71%
13.054 Oberzwehren
71%
11.055 Kirchditmold
70%
13.609 Harleshausen
67%
6.450 Waldau
60%
14.466 Wehlheiden
55%
7.058 Wolfsanger-Hasenhecke
54%
7.491 Rothenditmold
53%
9.289 Bettenhausen
51%
7.547 Südstadt
50%
4.140 Brasselsberg
48%
4.349 Unterneustadt
43%
3.962 Jungfernkopf
42%
8.853 Fasanenhof
40%
10.447 Wesertor
40%
7.291 Forstfeld
36%
2.080 Nordshausen
36%
6.074 Süsterfeld-Helleböhn
33%
4.240 Philippinenhof-Warteberg
28%
Keine übereinstimmenden Quizze gefunden
Verteilung der Resultate
Anzahl Personen mit jedem Resultat
Perzentil nach korrekt beantworteten Fragen
Ihre Resultats-Entwicklung
Sie haben dieses Quiz noch nicht gespielt